Personnages de Honkai: Star Rail aléatoires par images - Statistiques

Statistiques générales
  • Ce quiz a été pris 622 fois
    92 depuis la dernière actualisation
  • Le résultat moyen est 25 sur 30
Statistiques - réponses
Par images Réponse % Correct
Dan Heng
100%
Welt
100%
Castorice
97%
Dr Ratio
97%
Gallagher
97%
Kafka
97%
The Herta
97%
Topaz
97%
Anaxa
96%
Firefly
96%
Sunday
96%
Black Swan
95%
Acheron
94%
Herta
94%
Sparkle
94%
Blade
93%
Gepard
93%
Natasha
93%
Seele
93%
Cipher
92%
Silver Wolf
92%
Nocterna
91%
Phaénon
91%
Tribbie
91%
Archer
90%
Jade
90%
March 7th
90%
Saber
90%
Sampo
90%
Argenti
89%
Aventurine
89%
Bailu
89%
Cyrène
87%
Serval
87%
Hyacine
86%
Luocha
86%
Misha
86%
Pela
86%
Bronya
85%
Trailblazer
85%
Clara
84%
Moze
84%
Mydei
84%
Himeko
83%
Ruan Mei
83%
Huo Huo
82%
Aglaea
81%
Asta
81%
Boothill
81%
Hook
81%
Lynx
80%
Robin
80%
Fugue
79%
Fu Xuan
79%
Luka
79%
Yukong
79%
Rappa
77%
Feixiao
76%
Jing Yuan
75%
Tingyun
73%
Yunli
72%
Jingliu
70%
The Dahlia
70%
Lingsha
69%
Arlan
68%
Cérydra
66%
Hanya
63%
Sushang
63%
Qingque
58%
Jiaoqiu
57%
Hysilens
55%
Xueyi
53%
Yanqing
53%
Guinaifen
47%
Imbibitor Lunae
47%
Permansor Terrae
31%
Aucun quiz correspondant
Distribution des résultats
% des personnes avec chaque résultat
Percentile par nombre de réponses
Votre historique - résultats
Vous n’avez pas pris ce quiz depuis la dernière actualisation